| 000 | 00908nam a2200253 a 4500 | ||
|---|---|---|---|
| 001 | BRCA_8461 | ||
| 005 | 20190320210307.0 | ||
| 008 | 101215s1892----sp-a######---#000-0#spa-# | ||
| 041 | _aspa | ||
| 044 | _asp | ||
| 084 |
_aPQ6323 _b.C47 1892 |
||
| 100 | 1 |
_aCervantes Saavedra, Miguel de _d1547-1616 _9213 |
|
| 245 | 1 | 0 |
_aEl Ingenioso Hidalgo Don Quijote de la Mancha _cMiguel de Cervantes Saavedra ; dibujos de Gustavo Doré. |
| 260 |
_aBarcelona _bCasa Editorial Viuda de Luis Tasso _c[1892] |
||
| 300 |
_a2 v. _bil. _c23 cm. |
||
| 500 | _aReproducciones foto-zincográficas | ||
| 650 | 1 | 4 |
_aNovela española _yÉpoca clásica, 1500-1700 _9215 |
| 650 | 1 | 4 |
_aLiteratura española _yÉpoca clásica, 1500-1700 _9216 |
| 650 | 1 | 4 |
_aNovela española _ySiglo XVII _9217 |
| 650 | 1 | 4 |
_aDon Quijote (Personaje ficticio) _eNovela _9218 |
| 700 | 1 |
_aDoré, Gustavo _eIlustrador _921189 |
|
| 902 | _aQAG | ||
| 942 |
_2lcc _cB |
||
| 999 |
_c8128 _d8128 |
||